The Rebel and the Kingdom (Record no. 6621)

MARC details
005 - DATE AND TIME OF LATEST TRANSACTION
control field 20250709071832.0
020 ## - INTERNATIONAL STANDARD BOOK NUMBER
International Standard Book Number 978-1-399-80619-0
082 ## - DEWEY DECIMAL CLASSIFICATION NUMBER
Classification number 951.93052 HOP
100 ## - MAIN ENTRY--PERSONAL NAME
Author name HOPE, B
245 ## - TITLE STATEMENT
Title The Rebel and the Kingdom
260 ## - PUBLICATION, DISTRIBUTION, ETC.
Place of publication, distribution, etc. London
Name of publisher, distributor, etc. Hodder &Stoughton
Date of publication, distribution, etc. 2022
300 ## - PHYSICAL DESCRIPTION
Extent 239p.;ill
Dimensions 20cm.
942 ## - ADDED ENTRY ELEMENTS (KOHA)
Source of classification or shelving scheme Dewey Decimal Classification
Koha item type Books
Holdings
Date last seen Total checkouts Full call number Barcode Cost, replacement price Price effective from Koha item type Lost status Source of classification or shelving scheme Damaged status Not for loan Withdrawn status Home library Current library Shelving location Date acquired Source of acquisition Cost, normal purchase price
07/09/2025   951.93052 HOP MZA0002969 90000.00 07/04/2024 Books   Dewey Decimal Classification       CBE Mwanza CBE Mwanza General Collection 07/04/2024 Donation From TLSB 30000.00